00328nam a2200121Ia 4500008004100000041000800041082001200049100001800061245002900079260003600108300001900144520004300163240719s9999 xx 000 0 und d aeng a200 MEN aMenon, Ramesh aThe Srimad Bhagavad Gita aNew DelhibRupa & Companyc2007 a338.; P. 24cm. aGifted By : IMT Faculty Dr. Pawan Jain